[Event "AsianNationCup2018-OpenRapid"]
[Site "?"]
[Date "2018.07.27"]
[Round "5.7"]
[White "Sasikiran, Krishnan"]
[Black "Korevand, Sina"]
[Result "1-0"]
[BlackElo "2044"]
[WhiteElo "2625"]
[LiveChessVersion "1.4.8"]

1. e4 {[%clk 0:15:18]} c6 {[%clk 0:15:15]} 2. d4 {[%clk 0:15:24]} d5
{[%clk 0:15:20]} 3. e5 {[%clk 0:15:32]} Bf5 {[%clk 0:15:14]} 4. Nd2
{[%clk 0:15:36]} e6 {[%clk 0:14:53]} 5. Nb3 {[%clk 0:15:43]} a5 {[%clk 0:13:23]}
6. a4 {[%clk 0:15:26]} Na6 {[%clk 0:12:53]} 7. c3 {[%clk 0:14:39]} Qb6
{[%clk 0:12:26]} 8. Nf3 {[%clk 0:13:45]} Ne7 {[%clk 0:10:37]} 9. Be2
{[%clk 0:13:10]} Nb8 {[%clk 0:08:37]} 10. O-O {[%clk 0:11:51]} Nd7
{[%clk 0:08:36]} 11. Nh4 {[%clk 0:10:55]} Be4 {[%clk 0:06:46]} 12. Nd2
{[%clk 0:10:36]} Bg6 {[%clk 0:06:52]} 13. Re1 {[%clk 0:08:19]} c5
{[%clk 0:04:14]} 14. Nxg6 {[%clk 0:06:50]} hxg6 {[%clk 0:04:20]} 15. Nf3
{[%clk 0:06:52]} cxd4 {[%clk 0:03:25]} 16. cxd4 {[%clk 0:06:54]} Nb8
{[%clk 0:03:26]} 17. Bb5+ {[%clk 0:06:09]} Nbc6 {[%clk 0:03:24]} 18. Bg5
{[%clk 0:06:01]} Nf5 {[%clk 0:02:32]} 19. g4 {[%clk 0:05:47]} Nh6
{[%clk 0:02:39]} 20. h3 {[%clk 0:05:23]} Bb4 {[%clk 0:02:48]} 21. Re2
{[%clk 0:04:53]} Ng8 {[%clk 0:02:56]} 22. Kg2 {[%clk 0:04:56]} Nge7
{[%clk 0:01:46]} 23. Rc1 {[%clk 0:04:19]} Rc8 {[%clk 0:01:35]} 24. Rec2
{[%clk 0:03:34]} O-O {[%clk 0:01:38]} 25. Qd3 {[%clk 0:02:08]} Na7
{[%clk 0:01:25]} 26. h4 Rxc2 {[%clk 0:01:18]} 27. Rxc2 {[%clk 0:01:53]} Nxb5
{[%clk 0:01:05]} 28. axb5 {[%clk 0:01:46]} f6 {[%clk 0:00:13]} 29. exf6 gxf6
{[%clk 0:00:22]} 30. Bh6 {[%clk 0:01:07]} Re8 {[%clk 0:00:12]} 31. Bf4
{[%clk 0:00:55]} Bd6 {[%clk 0:00:21]} 32. Be3 {[%clk 0:01:04]} Kg7
{[%clk 0:00:20]} 33. Rc1 {[%clk 0:01:00]} Rc8 34. Re1 {[%clk 0:00:28]} Re8
{[%clk 0:00:13]} 35. Bd2 {[%clk 0:00:30]} Bc7 {[%clk 0:00:14]} 36. Qe2
{[%clk 0:00:27]} Kf7 {[%clk 0:00:20]} 37. b3 {[%clk 0:00:27]} Nc8
{[%clk 0:00:24]} 38. h5 {[%clk 0:00:29]} gxh5 {[%clk 0:00:32]} 39. g5
{[%clk 0:00:38]} Rg8 {[%clk 0:00:24]} 40. Kh1 {[%clk 0:00:30]} f5
{[%clk 0:00:13]} 41. Nh4 {[%clk 0:00:21]} Rh8 {[%clk 0:00:12]} 42. g6+
{[%clk 0:00:26]} Ke7 {[%clk 0:00:17]} 43. g7 {[%clk 0:00:28]} Qd6
{[%clk 0:00:23]} 44. Nxf5+ {[%clk 0:00:34]} 1-0

[Event "AsianNationCup2018-OpenRapid"]
[Site "?"]
[Date "2018.07.27"]
[Round "5.8"]
[White "Gholami, Aryan"]
[Black "Sethuraman, S.P."]
[Result "0-1"]
[BlackElo "2586"]
[WhiteElo "2295"]
[LiveChessVersion "1.4.8"]

1. Nf3 {[%clk 0:15:18]} Nf6 {[%clk 0:15:15]} 2. g3 {[%clk 0:15:28]} d5
{[%clk 0:15:24]} 3. Bg2 {[%clk 0:15:37]} c6 {[%clk 0:15:30]} 4. O-O
{[%clk 0:15:44]} Bg4 {[%clk 0:15:38]} 5. c4 {[%clk 0:15:51]} e6 {[%clk 0:15:43]}
6. cxd5 {[%clk 0:15:59]} exd5 {[%clk 0:15:50]} 7. d3 {[%clk 0:16:07]} Nbd7
{[%clk 0:15:57]} 8. Nc3 {[%clk 0:16:15]} Bc5 {[%clk 0:15:40]} 9. Qb3
{[%clk 0:16:19]} Bb6 {[%clk 0:15:40]} 10. Qa3 {[%clk 0:16:27]} Bc5
{[%clk 0:15:37]} 11. Qb3 {[%clk 0:16:36]} Bb6 {[%clk 0:15:02]} 12. Qa3
{[%clk 0:16:44]} Qe7 {[%clk 0:15:10]} 13. Qxe7+ {[%clk 0:16:44]} Kxe7
{[%clk 0:15:18]} 14. b3 {[%clk 0:16:30]} Rhe8 {[%clk 0:15:23]} 15. Na4
{[%clk 0:16:24]} Kf8 {[%clk 0:15:32]} 16. Re1 {[%clk 0:16:03]} Bxf3
{[%clk 0:14:45]} 17. Bxf3 {[%clk 0:16:11]} Ne5 {[%clk 0:14:27]} 18. Bg2
{[%clk 0:16:08]} Bd4 {[%clk 0:13:25]} 19. Ba3+ {[%clk 0:16:01]} Kg8
{[%clk 0:13:34]} 20. Rad1 {[%clk 0:16:04]} Ned7 {[%clk 0:12:09]} 21. e3
{[%clk 0:16:11]} Bb6 {[%clk 0:12:08]} 22. Bb2 {[%clk 0:15:59]} Bc7
{[%clk 0:11:43]} 23. h3 {[%clk 0:15:51]} Be5 {[%clk 0:11:36]} 24. Ba3
{[%clk 0:15:27]} a5 {[%clk 0:09:19]} 25. f4 {[%clk 0:14:25]} Bc7 {[%clk 0:09:15]}
26. Rc1 {[%clk 0:14:11]} h5 {[%clk 0:08:47]} 27. Bb2 {[%clk 0:13:44]} Bd6
{[%clk 0:08:24]} 28. Bd4 {[%clk 0:13:19]} Rac8 {[%clk 0:08:11]} 29. Kf2
{[%clk 0:13:16]} Ba3 {[%clk 0:07:33]} 30. Rc2 {[%clk 0:13:18]} c5
{[%clk 0:06:17]} 31. Ba1 {[%clk 0:13:01]} Bb4 {[%clk 0:06:23]} 32. Ree2
{[%clk 0:12:50]} b5 {[%clk 0:05:42]} 33. Nc3 {[%clk 0:12:57]} c4 {[%clk 0:05:43]}
34. dxc4 {[%clk 0:12:15]} dxc4 {[%clk 0:05:39]} 35. Nxb5 {[%clk 0:12:08]} cxb3
{[%clk 0:05:31]} 36. axb3 {[%clk 0:12:03]} Nc5 {[%clk 0:05:40]} 37. Bxf6
{[%clk 0:11:36]} gxf6 {[%clk 0:04:50]} 38. Nd4 {[%clk 0:10:55]} Nd3+
{[%clk 0:04:51]} 39. Kf1 {[%clk 0:10:43]} Rxc2 {[%clk 0:03:42]} 40. Nxc2
{[%clk 0:10:51]} Nc1 {[%clk 0:03:51]} 41. Rf2 {[%clk 0:10:41]} Nxb3
{[%clk 0:03:37]} 42. Bd5 {[%clk 0:08:59]} Nd2+ {[%clk 0:02:04]} 43. Kg2
{[%clk 0:08:52]} Bc3 {[%clk 0:02:07]} 44. Re2 {[%clk 0:08:23]} f5
{[%clk 0:02:00]} 45. g4 {[%clk 0:08:10]} Rd8 {[%clk 0:01:54]} 46. Bc6
{[%clk 0:07:38]} Rd6 {[%clk 0:01:41]} 47. Bf3 {[%clk 0:07:30]} hxg4
{[%clk 0:01:44]} 48. hxg4 {[%clk 0:07:38]} fxg4 {[%clk 0:01:20]} 49. Bxg4
{[%clk 0:07:47]} a4 {[%clk 0:01:28]} 50. e4 {[%clk 0:07:41]} Rg6 {[%clk 0:01:07]}
51. Kh3 {[%clk 0:07:49]} Rh6+ {[%clk 0:01:15]} 52. Kg2 {[%clk 0:07:59]} Rb6
{[%clk 0:00:51]} 53. e5 {[%clk 0:08:00]} Rb2 {[%clk 0:00:53]} 54. Bf5
{[%clk 0:07:50]} Kf8 {[%clk 0:00:42]} 55. Bd3 {[%clk 0:07:34]} Nb3
{[%clk 0:00:37]} 56. Na3 {[%clk 0:06:57]} Nc1 {[%clk 0:00:25]} 57. Rxb2
{[%clk 0:06:50]} Bxb2 {[%clk 0:00:34]} 58. Bc2 {[%clk 0:06:56]} Bxa3
{[%clk 0:00:39]} 59. Bxa4 {[%clk 0:07:04]} Nd3 {[%clk 0:00:43]} 60. Kf3
{[%clk 0:06:58]} Bc1 {[%clk 0:00:52]} 61. e6 {[%clk 0:06:53]} fxe6
{[%clk 0:00:41]} 62. f5 {[%clk 0:06:56]} exf5 {[%clk 0:00:39]} 63. Bb5
{[%clk 0:07:05]} Ne5+ {[%clk 0:00:45]} 64. Ke2 {[%clk 0:07:13]} Ke7
{[%clk 0:00:53]} 65. Ba4 {[%clk 0:07:19]} Kf6 {[%clk 0:01:00]} 66. Bc2
{[%clk 0:07:28]} f4 {[%clk 0:01:09]} 67. Be4 {[%clk 0:07:36]} Kg5
{[%clk 0:01:17]} 68. Bd5 {[%clk 0:07:44]} Kg4 {[%clk 0:01:26]} 69. Be4
{[%clk 0:07:53]} Be3 {[%clk 0:01:22]} 70. Bd5 {[%clk 0:08:01]} Bb6
{[%clk 0:01:29]} 71. Bb7 {[%clk 0:08:09]} Kg3 {[%clk 0:01:33]} 72. Bd5
{[%clk 0:08:17]} f3+ {[%clk 0:01:27]} 73. Bxf3 {[%clk 0:08:24]} Nxf3
{[%clk 0:01:36]} 74. Kd3 {[%clk 0:08:33]} Kf4 {[%clk 0:01:44]} 75. Kc4
{[%clk 0:08:42]} Ke5 {[%clk 0:01:48]} 76. Kb5 {[%clk 0:08:51]} Bd4
{[%clk 0:01:55]} 77. Kc6 {[%clk 0:09:00]} Ke6 {[%clk 0:02:04]} 78. Kb7
{[%clk 0:09:08]} Kd7 {[%clk 0:02:12]} 79. Ka8 {[%clk 0:09:16]} Ne5
{[%clk 0:02:19]} 80. Kb7 {[%clk 0:09:25]} Nc4 {[%clk 0:02:21]} 81. Ka8
{[%clk 0:09:33]} Kc6 {[%clk 0:02:26]} 82. Kb8 {[%clk 0:09:41]} Be5+
{[%clk 0:02:31]} 83. Ka8 {[%clk 0:09:49]} Nb6+ {[%clk 0:02:38]} 84. Ka7
{[%clk 0:09:58]} Bh2 {[%clk 0:02:46]} 85. Ka6 {[%clk 0:10:06]} Bb8
{[%clk 0:02:52]} 86. Ka5 {[%clk 0:10:15]} Nd5 {[%clk 0:02:47]} 87. Ka6
{[%clk 0:10:23]} Nc7+ {[%clk 0:02:55]} 88. Ka5 {[%clk 0:10:32]} Kc5
{[%clk 0:03:03]} 89. Ka4 {[%clk 0:10:41]} Kc4 {[%clk 0:03:07]} 90. Ka5
{[%clk 0:10:50]} Ba7 {[%clk 0:03:16]} 91. Ka4 {[%clk 0:10:59]} Bb6
{[%clk 0:03:25]} 92. Ka3 {[%clk 0:11:08]} Bd4 {[%clk 0:03:12]} 93. Ka4
{[%clk 0:11:16]} Bc3 {[%clk 0:03:19]} 94. Ka3 {[%clk 0:11:25]} Nd5
{[%clk 0:03:16]} 95. Ka4 {[%clk 0:11:33]} Bd2 {[%clk 0:02:59]} 96. Ka3
{[%clk 0:11:41]} Bb4+ {[%clk 0:03:08]} 97. Kb2 {[%clk 0:11:45]} Ne3
{[%clk 0:03:16]} 98. Kc1 {[%clk 0:11:52]} Bc3 {[%clk 0:03:08]} 99. Kb1
{[%clk 0:12:01]} Kb3 {[%clk 0:03:14]} 100. Kc1 {[%clk 0:12:10]} Bb4
{[%clk 0:03:21]} 101. Kb1 {[%clk 0:12:19]} Bd2 {[%clk 0:03:30]} 102. Ka1
{[%clk 0:12:27]} Nc4 {[%clk 0:03:39]} 103. Kb1 {[%clk 0:12:36]} Na3+
{[%clk 0:03:47]} 0-1

[Event "AsianNationCup2018-OpenRapid"]
[Site "?"]
[Date "2018.07.27"]
[Round "5.9"]
[White "Ghaem Maghami, Ehsan"]
[Black "Maghsoodloo, Parham"]
[Result "1/2-1/2"]
[BlackElo "2393"]
[WhiteElo "2524"]
[LiveChessVersion "1.4.8"]

1. e4 {[%clk 0:15:18]} g6 {[%clk 0:15:19]} 2. d4 {[%clk 0:15:27]} Bg7
{[%clk 0:15:28]} 3. Nf3 {[%clk 0:15:35]} d6 {[%clk 0:15:34]} 4. Be2
{[%clk 0:15:43]} Nf6 {[%clk 0:15:42]} 5. Nc3 {[%clk 0:15:52]} O-O
{[%clk 0:15:49]} 6. O-O {[%clk 0:15:59]} a6 {[%clk 0:15:58]} 7. Re1
{[%clk 0:16:04]} Nc6 {[%clk 0:16:07]} 8. d5 {[%clk 0:15:58]} Na7 {[%clk 0:16:16]}
9. Bg5 {[%clk 0:15:31]} b5 {[%clk 0:14:12]} 10. a3 {[%clk 0:13:32]} c6
{[%clk 0:14:06]} 11. dxc6 {[%clk 0:12:18]} Nxc6 {[%clk 0:14:14]} 12. Qd2
{[%clk 0:12:27]} Be6 {[%clk 0:09:12]} 13. Rad1 {[%clk 0:11:29]} Rc8
{[%clk 0:08:05]} 14. h3 {[%clk 0:08:56]} Qc7 {[%clk 0:07:05]} 15. Bh6
{[%clk 0:07:49]} Ne5 {[%clk 0:07:09]} 16. Nd4 {[%clk 0:07:25]} Bc4
{[%clk 0:05:15]} 17. Bxg7 {[%clk 0:07:21]} Kxg7 {[%clk 0:05:23]} 18. Bd3
{[%clk 0:07:28]} Qc5 {[%clk 0:04:56]} 19. Qe3 {[%clk 0:07:27]} b4
{[%clk 0:03:12]} 20. axb4 {[%clk 0:05:53]} Qxb4 {[%clk 0:03:21]} 21. f4
{[%clk 0:05:30]} Nxd3 {[%clk 0:01:31]} 22. cxd3 {[%clk 0:05:36]} Bb3
{[%clk 0:00:59]} 23. Ra1 {[%clk 0:04:51]} a5 {[%clk 0:00:50]} 24. Nxb3
{[%clk 0:02:36]} Qxb3 {[%clk 0:00:58]} 25. Re2 {[%clk 0:02:45]} Ra8
{[%clk 0:00:16]} 26. Ra3 {[%clk 0:00:38]} Qb7 {[%clk 0:00:19]} 27. e5
{[%clk 0:00:20]} dxe5 {[%clk 0:00:28]} 28. Qxe5 {[%clk 0:00:15]} 1/2-1/2

[Event "AsianNationCup2018-OpenRapid"]
[Site "?"]
[Date "2018.07.27"]
[Round "5.10"]
[White "Idani, Pouya"]
[Black "Pourramezanali, Amirreza"]
[Result "1/2-1/2"]
[BlackElo "2430"]
[WhiteElo "2462"]
[LiveChessVersion "1.4.8"]

1. d4 {[%clk 0:15:16]} d5 {[%clk 0:15:17]} 2. Nf3 {[%clk 0:15:24]} Nf6
{[%clk 0:15:26]} 3. g3 {[%clk 0:15:30]} Bg4 {[%clk 0:15:15]} 4. Bg2
{[%clk 0:15:38]} e6 {[%clk 0:14:55]} 5. c4 {[%clk 0:15:43]} c6 {[%clk 0:15:03]}
6. O-O {[%clk 0:15:24]} Nbd7 {[%clk 0:15:07]} 7. h3 {[%clk 0:15:26]} Bf5
{[%clk 0:14:41]} 8. Nc3 {[%clk 0:15:24]} Be7 {[%clk 0:13:54]} 9. Qb3
{[%clk 0:15:30]} Qb6 {[%clk 0:13:46]} 10. c5 {[%clk 0:15:39]} Qxb3
{[%clk 0:12:39]} 11. axb3 {[%clk 0:15:48]} O-O {[%clk 0:12:34]} 12. b4
{[%clk 0:15:48]} a6 {[%clk 0:12:43]} 13. g4 {[%clk 0:15:43]} Bg6 {[%clk 0:12:47]}
14. Bf4 {[%clk 0:15:50]} Ne4 {[%clk 0:12:25]} 15. e3 {[%clk 0:13:22]} Rfe8
{[%clk 0:08:02]} 16. Rfd1 {[%clk 0:12:19]} Bf6 {[%clk 0:07:15]} 17. Ne2
{[%clk 0:11:56]} h6 {[%clk 0:06:53]} 18. h4 {[%clk 0:09:20]} Bh7 {[%clk 0:06:22]}
19. Ra3 {[%clk 0:06:34]} Rac8 {[%clk 0:06:22]} 20. Bh3 {[%clk 0:05:47]} g5
{[%clk 0:05:29]} 21. hxg5 {[%clk 0:05:55]} hxg5 {[%clk 0:05:36]} 22. Bh2
{[%clk 0:05:31]} Bg7 {[%clk 0:05:22]} 23. Ne5 {[%clk 0:05:16]} Nef6
{[%clk 0:04:33]} 24. Nf3 {[%clk 0:04:47]} Ne4 {[%clk 0:04:07]} 25. Ne5
{[%clk 0:04:52]} Nef6 {[%clk 0:04:16]} 26. Nf3 {[%clk 0:04:44]} Ne4
{[%clk 0:04:16]} 27. Ne5 {[%clk 0:04:39]} Nef6 {[%clk 0:03:38]} 28. Nf3
{[%clk 0:04:49]} Ne4 {[%clk 0:02:56]} 29. Rda1 {[%clk 0:15:10]} 1/2-1/2

[Event "AsianNationCup2018-OpenRapid"]
[Site "?"]
[Date "2018.07.27"]
[Round "5.11"]
[White "Lorparizangeneh, Shahin"]
[Black "Tabatabaei, M.Amin"]
[Result "0-1"]
[BlackElo "2306"]
[WhiteElo "2288"]
[LiveChessVersion "1.4.8"]

1. Nf3 {[%clk 0:15:18]} Nf6 {[%clk 0:15:16]} 2. g3 {[%clk 0:15:22]} g6
{[%clk 0:15:15]} 3. b3 {[%clk 0:15:18]} d5 {[%clk 0:15:15]} 4. Bb2
{[%clk 0:15:20]} c5 {[%clk 0:15:24]} 5. Bg2 {[%clk 0:15:22]} Bg7 {[%clk 0:15:33]}
6. O-O {[%clk 0:15:11]} O-O {[%clk 0:15:42]} 7. c4 {[%clk 0:15:11]} d4
{[%clk 0:15:52]} 8. b4 {[%clk 0:14:55]} Nc6 {[%clk 0:15:12]} 9. b5
{[%clk 0:14:06]} Nb8 {[%clk 0:15:20]} 10. e3 {[%clk 0:13:46]} dxe3
{[%clk 0:14:01]} 11. dxe3 {[%clk 0:12:52]} Nbd7 {[%clk 0:13:46]} 12. Nbd2
{[%clk 0:12:04]} Qc7 {[%clk 0:13:49]} 13. a4 {[%clk 0:10:42]} a5 {[%clk 0:13:39]}
14. Rb1 {[%clk 0:09:19]} Rd8 {[%clk 0:12:58]} 15. Qe2 {[%clk 0:08:48]} Ne8
{[%clk 0:12:22]} 16. Ne4 {[%clk 0:07:44]} Nb6 {[%clk 0:11:09]} 17. Bxg7
{[%clk 0:05:58]} Kxg7 {[%clk 0:10:44]} 18. Qb2+ {[%clk 0:05:02]} f6
{[%clk 0:10:53]} 19. Qa3 {[%clk 0:03:49]} Bf5 {[%clk 0:10:36]} 20. Nfd2
{[%clk 0:03:48]} Nd6 {[%clk 0:09:41]} 21. Qxc5 {[%clk 0:03:03]} Qxc5 22. Nxc5
{[%clk 0:03:12]} Rac8 {[%clk 0:04:25]} 23. e4 {[%clk 0:03:22]} Rxc5
{[%clk 0:04:34]} 24. exf5 {[%clk 0:03:30]} Nbxc4 {[%clk 0:04:37]} 25. Nxc4
{[%clk 0:03:29]} Rxc4 {[%clk 0:04:44]} 26. fxg6 {[%clk 0:03:37]} hxg6
{[%clk 0:04:48]} 27. b6 {[%clk 0:01:58]} Rxa4 {[%clk 0:04:47]} 28. Rfc1
{[%clk 0:01:26]} Rc4 {[%clk 0:04:27]} 29. Rxc4 Nxc4 {[%clk 0:04:36]} 30. Bxb7
{[%clk 0:00:42]} Rb8 {[%clk 0:04:45]} 31. Bd5 {[%clk 0:00:45]} Nxb6
{[%clk 0:04:37]} 32. Rb5 {[%clk 0:00:23]} a4 {[%clk 0:04:29]} 33. Ba2
{[%clk 0:00:21]} Kf8 {[%clk 0:02:48]} 34. Rb4 {[%clk 0:00:23]} Ke8
{[%clk 0:02:36]} 35. Bc4 {[%clk 0:00:17]} Kd8 {[%clk 0:02:27]} 36. Bf7
{[%clk 0:00:15]} g5 {[%clk 0:01:40]} 37. h4 {[%clk 0:00:24]} gxh4
{[%clk 0:01:47]} 38. gxh4 {[%clk 0:00:33]} Kc7 {[%clk 0:01:47]} 39. h5
{[%clk 0:00:40]} a3 {[%clk 0:01:23]} 40. h6 {[%clk 0:00:28]} Rh8 {[%clk 0:01:23]}
41. Rh4 {[%clk 0:00:27]} Kd6 {[%clk 0:01:15]} 42. h7 {[%clk 0:00:31]} e6
{[%clk 0:01:07]} 43. Rb4 {[%clk 0:00:15]} Nd5 {[%clk 0:00:57]} 44. Ra4
{[%clk 0:00:15]} Rxh7 {[%clk 0:00:58]} 45. Ra6+ {[%clk 0:00:23]} Kc5
{[%clk 0:01:07]} 46. Bxe6 {[%clk 0:00:19]} Nc7 {[%clk 0:01:16]} 47. Rxa3
{[%clk 0:00:12]} Nxe6 {[%clk 0:01:25]} 48. Rf3 {[%clk 0:00:21]} Rh6
{[%clk 0:01:34]} 49. Rf5+ {[%clk 0:00:28]} Kd4 {[%clk 0:01:39]} 50. Kg2
{[%clk 0:00:36]} Ke4 {[%clk 0:01:48]} 51. Ra5 {[%clk 0:00:42]} Nf4+
{[%clk 0:01:57]} 52. Kg1 {[%clk 0:00:49]} Rg6+ {[%clk 0:01:38]} 53. Kf1
{[%clk 0:00:53]} Rg5 {[%clk 0:01:43]} 54. Ra4+ {[%clk 0:01:00]} Kf3
{[%clk 0:01:49]} 55. Ra3+ {[%clk 0:01:08]} Kg4 {[%clk 0:01:57]} 56. Rg3+
{[%clk 0:01:13]} Kf5 {[%clk 0:02:04]} 57. Ra3 {[%clk 0:01:21]} Rg8
{[%clk 0:02:05]} 58. Ra5+ {[%clk 0:01:30]} Kg4 {[%clk 0:02:13]} 59. Ra3
{[%clk 0:01:36]} Rb8 {[%clk 0:02:19]} 60. Rg3+ {[%clk 0:01:43]} Kf5
{[%clk 0:02:27]} 61. Ke1 {[%clk 0:01:49]} Rb1+ {[%clk 0:02:34]} 62. Kd2
{[%clk 0:01:58]} Rb2+ {[%clk 0:02:43]} 63. Ke1 {[%clk 0:02:02]} Ne6
{[%clk 0:02:37]} 64. Rf3+ {[%clk 0:02:08]} Kg5 {[%clk 0:02:38]} 65. Rg3+
{[%clk 0:02:07]} Kf4 {[%clk 0:02:44]} 66. Kf1 {[%clk 0:02:16]} Ng5
{[%clk 0:02:36]} 67. Ra3 {[%clk 0:01:40]} Ne4 {[%clk 0:02:38]} 68. f3
{[%clk 0:01:48]} Nd2+ {[%clk 0:02:44]} 0-1

[Event "AsianNationCup2018-OpenRapid"]
[Site "?"]
[Date "2018.07.27"]
[Round "5.12"]
[White "Firouzja, Alireza"]
[Black "Mousavi, Seyed Khalil"]
[Result "1-0"]
[BlackElo "2358"]
[WhiteElo "2367"]
[LiveChessVersion "1.4.8"]

1. d4 {[%clk 0:15:16]} d5 {[%clk 0:15:19]} 2. Nf3 {[%clk 0:15:20]} Nf6
{[%clk 0:15:27]} 3. g3 {[%clk 0:15:16]} e6 {[%clk 0:15:34]} 4. Bg2
{[%clk 0:15:20]} Be7 {[%clk 0:15:36]} 5. O-O {[%clk 0:15:28]} O-O
{[%clk 0:15:45]} 6. c4 {[%clk 0:15:30]} dxc4 {[%clk 0:15:54]} 7. Qa4
{[%clk 0:15:28]} a6 {[%clk 0:15:46]} 8. Qxc4 {[%clk 0:15:37]} b5 {[%clk 0:15:43]}
9. Qc2 {[%clk 0:15:45]} Bb7 {[%clk 0:15:49]} 10. Bd2 {[%clk 0:15:54]} Nbd7
{[%clk 0:15:15]} 11. Ba5 {[%clk 0:15:58]} 1-0

[Event "AsianNationCup2018-OpenRapid"]
[Site "?"]
[Date "2018.07.27"]
[Round "5.13"]
[White "Nguyen, Ngoc Truong Son"]
[Black "Lu, Shanglei"]
[Result "1/2-1/2"]
[BlackElo "2663"]
[WhiteElo "2666"]
[LiveChessVersion "1.4.8"]

1. e4 {[%clk 0:15:18]} c5 {[%clk 0:15:19]} 2. Nf3 {[%clk 0:15:24]} d6
{[%clk 0:15:28]} 3. d4 {[%clk 0:15:29]} cxd4 {[%clk 0:15:36]} 4. Nxd4
{[%clk 0:15:37]} Nf6 {[%clk 0:15:43]} 5. Nc3 {[%clk 0:15:42]} a6 {[%clk 0:15:52]}
6. h3 {[%clk 0:15:32]} g6 {[%clk 0:15:28]} 7. g4 {[%clk 0:15:16]} Nc6
{[%clk 0:14:38]} 8. Bg2 {[%clk 0:14:12]} Bd7 {[%clk 0:10:28]} 9. Be3
{[%clk 0:12:46]} Bg7 {[%clk 0:10:14]} 10. O-O {[%clk 0:12:51]} O-O
{[%clk 0:10:18]} 11. Nde2 {[%clk 0:12:28]} Ne5 {[%clk 0:08:44]} 12. b3
{[%clk 0:12:03]} h6 {[%clk 0:06:56]} 13. Qd2 {[%clk 0:11:37]} Kh7
{[%clk 0:06:53]} 14. f4 {[%clk 0:11:33]} Nc6 {[%clk 0:06:03]} 15. Nd5
{[%clk 0:09:55]} Qa5 {[%clk 0:03:25]} 16. Qxa5 Nxa5 {[%clk 0:03:33]} 17. Nb6
{[%clk 0:09:22]} Rad8 {[%clk 0:03:41]} 18. Rad1 {[%clk 0:07:36]} Nc6
{[%clk 0:03:13]} 19. e5 {[%clk 0:07:23]} Nxg4 {[%clk 0:02:54]} 20. hxg4
{[%clk 0:07:21]} Bxg4 {[%clk 0:03:02]} 21. Bf3 {[%clk 0:05:36]} Bxf3 22. Rxf3
{[%clk 0:05:45]} dxe5 {[%clk 0:03:16]} 23. Rxd8 {[%clk 0:05:53]} Rxd8
{[%clk 0:03:25]} 24. f5 {[%clk 0:06:01]} gxf5 {[%clk 0:02:58]} 25. Rxf5
{[%clk 0:06:09]} Kg6 {[%clk 0:03:02]} 26. Rf1 {[%clk 0:05:59]} f5
{[%clk 0:03:10]} 27. Na4 {[%clk 0:04:54]} f4 {[%clk 0:02:01]} 28. Bc1
{[%clk 0:04:48]} Nb4 {[%clk 0:02:07]} 29. c4 {[%clk 0:02:14]} Nxa2
{[%clk 0:01:58]} 30. Bb2 {[%clk 0:02:23]} Rd2 {[%clk 0:01:51]} 31. Rf2
{[%clk 0:02:26]} Kf7 {[%clk 0:01:45]} 32. Nec3 {[%clk 0:02:09]} Rxf2
{[%clk 0:01:18]} 33. Kxf2 {[%clk 0:02:18]} Nxc3 34. Bxc3 {[%clk 0:02:28]} e4
{[%clk 0:01:11]} 35. Bxg7 {[%clk 0:02:35]} Kxg7 {[%clk 0:01:20]} 36. Nc5
{[%clk 0:02:42]} e3+ {[%clk 0:01:02]} 37. Kf3 {[%clk 0:02:04]} e5
{[%clk 0:01:10]} 38. Nxb7 {[%clk 0:01:53]} Kf6 {[%clk 0:01:15]} 39. b4
{[%clk 0:01:01]} h5 {[%clk 0:01:11]} 40. Nc5 {[%clk 0:00:53]} h4 {[%clk 0:01:03]}
41. b5 {[%clk 0:00:55]} axb5 {[%clk 0:01:12]} 42. cxb5 {[%clk 0:01:04]} Ke7
{[%clk 0:00:25]} 43. b6 {[%clk 0:00:49]} Kd6 {[%clk 0:00:26]} 44. b7
{[%clk 0:00:50]} Kc7 {[%clk 0:00:36]} 45. Nd7 {[%clk 0:00:58]} Kxb7
{[%clk 0:00:44]} 46. Nxe5 {[%clk 0:01:06]} h3 {[%clk 0:00:53]} 47. Nd3
{[%clk 0:01:11]} h2 {[%clk 0:00:34]} 48. Kg2 {[%clk 0:01:19]} f3+ 1/2-1/2

[Event "AsianNationCup2018-OpenRapid"]
[Site "?"]
[Date "2018.07.27"]
[Round "5.14"]
[White "Wen, Yang"]
[Black "Tran, Tuan Minh"]
[Result "1-0"]
[BlackElo "2512"]
[WhiteElo "2571"]
[LiveChessVersion "1.4.8"]

1. d4 {[%clk 0:15:09]} Nf6 2. c4 e6 3. Nc3 Bb4 {[%clk 0:15:35]} 4. e3
{[%clk 0:15:34]} d5 {[%clk 0:15:31]} 5. a3 {[%clk 0:15:26]} Be7 {[%clk 0:14:50]}
6. Nf3 {[%clk 0:15:24]} O-O {[%clk 0:14:55]} 7. Bd3 {[%clk 0:14:03]} dxc4
{[%clk 0:14:33]} 8. Bxc4 {[%clk 0:14:12]} b6 {[%clk 0:14:36]} 9. O-O
{[%clk 0:14:07]} Bb7 {[%clk 0:14:44]} 10. b4 {[%clk 0:13:36]} Nbd7
{[%clk 0:14:18]} 11. Bb2 {[%clk 0:12:56]} a5 {[%clk 0:12:00]} 12. b5 Bd6 13. Ne2
{[%clk 0:11:54]} Qe7 {[%clk 0:09:39]} 14. a4 {[%clk 0:11:04]} Rad8
{[%clk 0:09:33]} 15. Qc2 {[%clk 0:10:44]} Nd5 {[%clk 0:08:52]} 16. e4 Nb4 17. Qb1
{[%clk 0:08:34]} e5 {[%clk 0:07:45]} 18. Re1 {[%clk 0:08:27]} g6 {[%clk 0:07:29]}
19. Ng3 {[%clk 0:07:48]} Qf6 {[%clk 0:05:36]} 20. Ra3 {[%clk 0:06:58]} Rde8
{[%clk 0:05:02]} 21. Rae3 {[%clk 0:06:20]} Re7 {[%clk 0:04:55]} 22. R3e2
{[%clk 0:05:45]} Rfe8 {[%clk 0:04:51]} 23. Bc1 {[%clk 0:05:34]} Qg7 24. Bg5 Nf6
{[%clk 0:04:38]} 25. Qc1 {[%clk 0:02:48]} Rd7 {[%clk 0:04:29]} 26. Bh6 Qh8 27.
Nf5 {[%clk 0:01:51]} Nh5 {[%clk 0:04:27]} 28. g4 {[%clk 0:00:53]} gxf5 29. gxh5
Qf6 {[%clk 0:02:22]} 30. Bg5 {[%clk 0:00:23]} Qg7 {[%clk 0:02:31]} 31. h6
{[%clk 0:00:23]} Qg6 {[%clk 0:02:40]} 32. dxe5 {[%clk 0:00:16]} Bxe5
{[%clk 0:01:34]} 33. Nxe5 {[%clk 0:00:20]} Rxe5 {[%clk 0:01:42]} 34. exf5 Qxf5
{[%clk 0:01:50]} 35. f4 {[%clk 0:00:13]} Qg4+ {[%clk 0:01:52]} 36. Kf1
{[%clk 0:00:15]} Qf5 37. Kg1 {[%clk 0:00:00]} 1-0